Catalog

Record Details

Catalog Search



The tenth song a novel  Cover Image CD Audiobook CD Audiobook

The tenth song [sound recording] : a novel / Naomi Ragen ; read by Karen White.

Ragen, Naomi.: (author). White, Karen. (Added Author).

Summary:

When life is at its best, the unimaginable can shatter everything you think you know… Abigail Samuels has no reason to feel anything but joy on the morning her life falls apart. The epitome of the successful Jewish American woman, she is married to a well-known and respected accountant and is in the middle of planning her daughter Kayla’s wedding. Kayla, too, wakes up that morning with the world in the palm of her hand. Having lived the charmed life of a well-loved child from a happy family, she is bright, pretty, a Harvard law student who has never really questioned the path she found herself on. With a shocking suddenness, all that is smashed to pieces in ways they could never have dreamed. When a heartbroken Kayla runs away to a desert commune run by a charismatic mystic, Abigail rushes to save her, only to find that there is nothing more whole than a broken heart.

Record details

  • ISBN: 9781400119943
  • ISBN: 1400119944
  • ISBN: 9781400149940
  • ISBN: 1400149940
  • Physical Description: 10 sound discs (CD) (12 hr., 30 min.) : digital ; 4 3/4 in. ; in container.
  • Edition: Library ed.
  • Publisher: Old Saybrook, CT : Tantor Media, 2010.

Content descriptions

General Note:
Unabridged.
Participant or Performer Note:
Read by Karen White.
Subject: Jewish women > Fiction.
Mothers and daughters > Fiction.
Life change events > Fiction.
Genre: Audiobooks.
Domestic fiction.
Psychological fiction.

Available copies

  • 1 of 1 copy available at scottsboropl.

Holds

  • 0 current holds with 1 total copy.
Show Only Available Copies
Location Call Number / Copy Notes Barcode Shelving Location Status Due Date
scottsboropl BK/CD Rag 32269000941602 Adult - Audiobook Available -

LDR 01609nim a2200361Ma 4500
001137052
003SBPL
00520140703073309.0
007sd fsngnnmmned
008110418s2010 ctunnnne f n eng
020 . ‡a9781400119943
020 . ‡a1400119944
020 . ‡a9781400149940
020 . ‡a1400149940
0243 . ‡a9781400119943
02801. ‡aDC851 ‡bRecorded Books
035 . ‡a(CONS)137052
035 . ‡a(OCoLC)666231807 ‡z(OCoLC)696918989 ‡z(OCoLC)732802360 ‡z(OCoLC)820147282 ‡z(OCoLC)966564874 ‡z(OCoLC)967798825 ‡z(OCoLC)973962737 ‡z(OCoLC)980524397 ‡z(OCoLC)988981480 ‡z(OCoLC)993397980 ‡z(OCoLC)995551153 ‡z(OCoLC)1000135033 ‡z(OCoLC)1002660177 ‡z(OCoLC)1003820479 ‡z(OCoLC)1009113408 ‡z(OCoLC)1011009172 ‡z(OCoLC)1013490242 ‡z(OCoLC)1017903706 ‡z(OCoLC)1022707269 ‡z(OCoLC)1027970000 ‡z(OCoLC)1029817472 ‡z(OCoLC)1034869689 ‡z(OCoLC)1039399794 ‡z(OCoLC)1045665588 ‡z(OCoLC)1050291447 ‡z(OCoLC)1052716647 ‡z(OCoLC)1054966804 ‡z(OCoLC)1059096029 ‡z(OCoLC)1076505067 ‡z(OCoLC)1080669698 ‡z(OCoLC)1083385420 ‡z(OCoLC)1088701920 ‡z(OCoLC)1090929801 ‡z(OCoLC)1099581709 ‡z(OCoLC)1101636026 ‡z(OCoLC)1102458233 ‡z(OCoLC)1105976386 ‡z(OCoLC)1273563079 ‡z(OCoLC)1373739019
08204. ‡a813/.6 ‡222
1001 . ‡aRagen, Naomi.: ‡eauthor
24514. ‡aThe tenth song ‡h[sound recording] : ‡ba novel / ‡cNaomi Ragen ; read by Karen White.
250 . ‡aLibrary ed.
260 . ‡aOld Saybrook, CT : ‡bTantor Media, ‡c2010.
300 . ‡a10 sound discs (CD) (12 hr., 30 min.) : ‡bdigital ; ‡c4 3/4 in. ; in container.
306 . ‡a123000
500 . ‡aUnabridged.
5110 . ‡aRead by Karen White.
520 . ‡aWhen life is at its best, the unimaginable can shatter everything you think you know… Abigail Samuels has no reason to feel anything but joy on the morning her life falls apart. The epitome of the successful Jewish American woman, she is married to a well-known and respected accountant and is in the middle of planning her daughter Kayla’s wedding. Kayla, too, wakes up that morning with the world in the palm of her hand. Having lived the charmed life of a well-loved child from a happy family, she is bright, pretty, a Harvard law student who has never really questioned the path she found herself on. With a shocking suddenness, all that is smashed to pieces in ways they could never have dreamed. When a heartbroken Kayla runs away to a desert commune run by a charismatic mystic, Abigail rushes to save her, only to find that there is nothing more whole than a broken heart.
650 0. ‡aJewish women ‡vFiction.
650 0. ‡aMothers and daughters ‡vFiction.
650 0. ‡aLife change events ‡vFiction.
655 7. ‡aAudiobooks. ‡2lcgft
655 7. ‡aDomestic fiction. ‡2lcgft
655 7. ‡aPsychological fiction. ‡2lcgft
7001 . ‡aWhite, Karen.
901 . ‡a137052 ‡bUnknown ‡c137052 ‡tbiblio

Additional Resources